Statistics for Brunei Country Quiz

Click here to take the quiz!

General Stats

  • This quiz has been taken 3,138 times
    (3,013 since last reset)
  • The average score is 13 of 16

Answer Stats

Clue Answer % Correct
Main religionIslam
98%
Other countries on that islandIndonesia
98%
Other countries on that islandMalaysia
97%
Country from which Brunei gained its independence in 1984United Kingdom
96%
Island on which Brunei is locatedBorneo
92%
Brunei's system of governmentAbsolute {monarchy}
91%
Main export productOil
90%
Title of the head of stateSultan
89%
Sea on which Brunei liesSouth China Sea
83%
Capital cityBandar Seri Begawan
81%
Proboscis monkeys can be seen in Brunei. What part of of a proboscis monkey's
body is larger than other monkeys?
Nose
74%
CurrencyBrunei dollar
73%
Second-largest ethnic group, after MalaysChinese
67%
"Crime" for which people can be stoned to death, according to a 2019 lawMale homosexuality
66%
Unusual punishment that Brunei, like Singapore, inflicts for certain crimesCaning
55%
Full name of the countryBrunei {Darussalam}
44%

Score Distribution

Percentile by Number Answered

Percent of People with Each Score

Your Score History

You have not taken this quiz since the last reset